Top 30 A$AP Rocky Songs - Statistics

General Stats
  • This quiz has been taken 26 times
  • The average score is 14 of 30
Answer Stats
# Song Rating % Correct
2. Jukebox Joints 95
75%
7. LVL 93
75%
9. Demons 93
71%
4. Peso 94
71%
1. Sandman 97
71%
5. Everyday 94
67%
25. Purple Swag 88
67%
28. Wassup 88
67%
3. 1Train 95
63%
20. Fashion Killa 90
63%
10. Houston Old Head 92
63%
12. Palace 91
63%
15. Praise The Lord (Da Shine) 91
63%
6. Holy Ghost 94
54%
13. L$D 91
54%
14. Angels 91
50%
27. Canal St. 88
50%
16. F**kin' Problems 91
46%
26. Brand New Guy 88
42%
19. Excuse Me 90
42%
22. Lord Pretty Flacko Jodye 2 (LPFJ2) 89
38%
29. Trilla 88
38%
11. Ghetto Symphony 92
33%
23. Long Live A$AP 89
33%
21. Out of This World 90
8%
8. R - Cali 93
8%
24. Feel The Fiyaaaah 89
0%
30. HOODLUMZ 88
0%
18. Triple Double 90
0%
17. Wave Gods 91
0%
No matching quizzes found
Score Distribution
Percent of People with Each Score
Percentile by Number Answered
Your Score History
You have not taken this quiz